أفرباذين القلانسي / (رقم التسجيلة. 32563)

تفاصيل مارك
000 -LEADER
fixed length control field 00674nam a22001817a 4500
005 - DATE AND TIME OF LATEST TRANSACTION
control field 20251108165833.0
008 - FIXED-LENGTH DATA ELEMENTS--GENERAL INFORMATION
fixed length control field 250721s1983 xx 000 0 ara d
082 14 - DEWEY DECIMAL CLASSIFICATION NUMBER
Classification number م/615.89/سمر
100 1# - MAIN ENTRY--PERSONAL NAME
Personal name السمرقندي، بدر الدين محمد بن بهرام القرنسي
245 10 - TITLE STATEMENT
Title أفرباذين القلانسي /
264 1# - PRODUCTION, PUBLICATION, DISTRIBUTION, MANUFACTURE, AND COPYRIGHT NOTICE
Place of production, publication, distribution, manufacture حلب :
Name of producer, publisher, distributor, manufacturer جامعة حلب - معهد التراث العلمي العربي،
Date of production, publication, distribution, manufacture, or copyright notice 1983.
300 ## - PHYSICAL DESCRIPTION
Extent 341ص
490 0# - SERIES STATEMENT
Series statement مصادر ودراسات في تاريخ الطب العربي ؛ 3
650 17 - SUBJECT ADDED ENTRY--TOPICAL TERM
Topical term or geographic name as entry element الطب الشعبي
700 1# - ADDED ENTRY--PERSONAL NAME
Personal name البابا، محمد زهير
Relator term تحقيق
942 ## - ADDED ENTRY ELEMENTS (KOHA)
Source of classification or shelving scheme Dewey Decimal Classification
Koha item type مراجع
المقتنيات
حالة السحب حالة الفقدان مصدر التصنيف حالة التلف غير قابل للإعارة المكتبة الرئيسية المكتبة الحالية موقع الرف تاريخ التزويد الرقم المتسلسل Total Checkouts رقم الإستدعاء الباركود تاريخ آخر ظهور تاريخ الفاتورة نوع المادة (كوها)
    Dewey Decimal Classification   Not For Loan المكتبة المركزية المكتبة المركزية مراجع 06/07/2004 106193   م/615.89/سمر 106193 28/07/2025 06/07/2004 مراجع
Implemented & Customized by: BBB with SCIT (Smart Chains for Information Technology)

Powered by Koha